| 000 | 00495 a2200169 4500 | ||
|---|---|---|---|
| 020 | _a0201155850 | ||
| 040 |
_aDLC _bDLC |
||
| 082 | 0 | 0 | _a510 |
| 100 | 1 | 0 | _aMaurer, Stephen B. |
| 245 | 1 | 0 |
_aDiscrete algorithmic mathematics _cStephen B. Maurer, Anthony Ralston. |
| 260 | 0 |
_aReading, Mass. : _bAddison-Wesley Pub. Co., _cc1991. |
|
| 300 |
_axix, 834, [55] p. : _bill. ; _c25 cm. |
||
| 650 | 0 | _aMathematics. | |
| 650 | 0 | _aComputer science | |
| 700 | 1 | 0 | _aRalston, Anthony. |
| 942 |
_cBK _k510 MAU _2ddc |
||
| 999 |
_c7390 _d7390 |
||